El problema de la verdad poética en el Siglo de Oro / (Record no. 169208)

MARC details
000 -LEADER
campo de control de longitud fija 00956nam a2200241 i 4500
001 - NÚMERO DE CONTROL
campo de control 169208
003 - IDENTIFICADOR DE NÚMERO DE CONTROL
campo de control ES-MaACL
005 - FECHA Y HORA DE LA ÚLTIMA TRANSACCIÓN
campo de control 20260217063017.0
008 - DATOS DE LONGITUD FIJA--INFORMACIÓN GENERAL
campo de control de longitud fija 080822s19611961sp |||| | spa d
017 ## - NÚMERO DE COPYRIGHT O DE DEPÓSITO LEGAL
Número de copyright o de depósito legal M 3.404-1961
080 ## - NÚMERO DE LA CLASIFICACIÓN DECIMAL UNIVERSAL
Número de la Clasificación Decimal Universal 821.134.2-1.09"15/16"
100 1# - ENTRADA PRINCIPAL--NOMBRE DE PERSONA
Nombre de persona Porqueras Mayo, Alberto,
Fechas asociadas al nombre 1930-2003
9 (RLIN) 242807
245 13 - MENCIÓN DEL TÍTULO
Título El problema de la verdad poética en el Siglo de Oro /
Mención de responsabilidad, etc. Alberto Porqueras Mayo.
260 ## - PUBLICACIÓN, DISTRIBUCIÓN, ETC.
Lugar de publicación, distribución, etc. Madrid :
Nombre del editor, distribuidor, etc. Ateneo,
Fecha de publicación, distribución, etc. 1961 (
Fabricante "Gráficas Benzal")
300 ## - DESCRIPCIÓN FÍSICA
Extensión 32 p., [2] h. ;
Dimensiones 19 cm.
490 1# - MENCIÓN DE SERIE
Mención de serie O crece o muere ;
Designación de volumen o secuencia 150
500 ## - NOTA GENERAL
Nota general "Este trabajo fue dado a conocer por su autor en la conferencia pronunciada en el Ateneo de Madrid el día 16 de mayo de 1960"
610 2# - PUNTO DE ACCESO ADICIONAL DE MATERIA--NOMBRE DE ENTIDAD CORPORATIVA
Nombre de entidad corporativa o nombre de jurisdicción como elemento de entrada Ateneo de Madrid-
Subdivisión de forma Conferencias-
Subdivisión cronológica 1940-1982.
9 (RLIN) 1908
650 04 - PUNTO DE ACCESO ADICIONAL DE MATERIA--TÉRMINO DE MATERIA
Término de materia o nombre geográfico como elemento de entrada Poesía española-
Subdivisión general Historia y crítica.
9 (RLIN) 16166
830 00 - PUNTO DE ACCESO ADICIONAL DE SERIE-TÍTULO UNIFORME
Título uniforme Colección "O crece o muere"
Designación de volumen o secuencia 150
9 (RLIN) 183476
852 4# - LOCALIZACIÓN
Ubicación ES-MaACL
Número de control de estantería 2243-F-5
Holdings
Estatus retirado Estado de pérdida Estado de daño No para préstamo Colección Biblioteca de origen Biblioteca actual Ubicación en estantería Fecha de adquisición Fuente de adquisición Total de préstamos Signatura topográfica completa Código de barras Visto por última vez Precio de reemplazo Tipo de ítem Koha
        Colección de folletos Biblioteca del Ateneo de Madrid Biblioteca del Ateneo de Madrid Depósito folletos 22/08/2008     2243-F-5 1177652 23/02/2023 23/02/2023 Folleto